Länder nach Hauptstadt - Ozeanien - Statistiken

Allgemein
  • Dieses Quiz wurde 110 mal gespielt
  • Das Durchschnittsergebnis liegt bei 12 aus 14
Antwortstatistiken
Hauptstadt Land % Korrekt
Canberra Australien
100%
Wellington Neuseeland
97%
Port Moresby Papua-Neuguinea
92%
Suva Fidschi
89%
Apia Samoa
89%
Funafuti Tuvalu
89%
Honiara Salomonen
86%
Port Vila Vanuatu
86%
Nuku'alofa Tonga
85%
Yaren Nauru
84%
Majuro Marshallinseln
81%
Palikir Föderierte Staaten von Mikronesien
79%
South Tarawa Kiribati
79%
Ngerulmud Palau
79%
Keine übereinstimmenden Quizze gefunden
Verteilung der Resultate
Anzahl Personen mit jedem Resultat
Perzentil nach korrekt beantworteten Fragen
Ihre Resultats-Entwicklung
Sie haben dieses Quiz noch nicht gespielt